| 000 | 00971cam a2200241 a 4500 | ||
|---|---|---|---|
| 001 | 000008821 | ||
| 005 | 20200929161419.0 | ||
| 008 | 870413s1972 ve a 000 f spa d | ||
| 040 |
_aDO-SdBNP _dBNPHU |
||
| 082 |
_aV863.44 _bB533ma |
||
| 100 | 1 |
_aBerroeta, Pedro, _d1914- _923368 |
|
| 245 | 1 | 0 |
_aMarianik / _cPedro Berroeta. |
| 260 |
_aCaracas : _bMonte Ávila, _c1972. |
||
| 300 |
_a138 p. : _bil. ; _c16 cm. |
||
| 490 | 1 |
_aBiblioteca popular el dorado _v39 |
|
| 505 | 0 | _aRealidad y fantasía -- París, ma grande ville -- La espera -- La muerte detrás de la oreja -- Marianik -- Más allá del recuerdo -- El suicidio de Mónica -- La extraña cañada de Cristo Rey -- El baile -- El bumerang -- Silbaba una vieja canción -- El camión que debía venir. | |
| 650 | 4 |
_aNovela venezolana _93962 |
|
| 650 | 4 |
_aLiteratura venezolana _93816 |
|
| 830 | 0 |
_aBiblioteca popular el dorado ; _v39 _913605 |
|
| 910 | _aCatalogación derivada | ||
| 910 | _aWM | ||
| 049 | _aBNGR | ||
| 999 |
_c8590 _d8590 |
||